| 000 | 00458nam a22001697a 4500 | ||
|---|---|---|---|
| 999 |
_c7541 _d7541 |
||
| 003 | GBCCL | ||
| 005 | 20241126110630.0 | ||
| 008 | 180821b ||||| |||| 00| 0 eng d | ||
| 040 | _cgbc | ||
| 082 |
_aVER 253.092 _bJAM |
||
| 100 |
_aJamkhanthang, ST _918017 |
||
| 245 |
_aKa hinkhua a Toupa nasep lamdangte/ _cby ST Jamkhanthang |
||
| 260 |
_cn.d. _aManipur, _bAuthor, |
||
| 300 | _a81p. ; | ||
| 650 |
_aJamkhanthang, ST _vbiography _913333 |
||
| 942 |
_2ddc _cBK |
||